000 00730nam a2200277Ia 4500
005 20260324111757.0
008 008 260324s9999 xx 000 0 eng d
020 _a9781003534785
037 _aEBOOK
040 _aCRL
040 _beng
040 _cCRL
041 _2eng
041 _aeng
084 _qCRL
100 _aMukesh Kumar Awasthi; Ashwani Kumar; Nitesh Dutt; Sivasakthivel Thangavel
_91139975
245 0 _aHeat Exchanger Technologies for Sustainable Renewable Energy Systems
260 _bTaylor and Francis
260 _c2025
365 _a
365 _b275
856 _uhttp://www.taylorfrancis.com/books/9781003534785
942 _cEBOOK
999 _c1728895
_d1728895